000 00496nam a2200157 4500
001 127971
003 ES-MaACL
005 20230906193130.0
007 t|
008 070214s1969 sp r ||||1| spa d
100 1 _aRivero Lamas, Juan.
_997705
245 1 0 _aEstructura de la empresa y participación obrera
_b: (estudio sobre el jurado de empresa) /
_cJuan Rivero Lamas.
260 _aBarcelona [etc.] :
_bAriel,
_c1969.
300 _a238 p. ;
_c20 cm.
852 _aES-MaACL
_jC-36807
_bR.71078
999 _c127971
_d127971